000 00569nam a2200181Ia 4500
008 151018s9999 xx 000 0 und d
082 _bRBASDV60361
_a891.432
100 _aमाधुरी नाथ
245 _aत्रिमूर्ती
250 _b1
260 _b"नीरज बुक सेंटर,दिल्ली"
_c2010
300 _a119
600 _aमाधुरी नाथ
630 _aत्रिमूर्ती
700 _aमाधुरी नाथ
730 _aत्रिमूर्ती
942 _cBOOK
999 _c1053903
_d1053900